Olympics medal table - Canoeing - Statistics

General Stats
  • This quiz has been taken 21 times
  • The average score is 13 of 17
Answer Stats
Total Gold Silver Bronze Nation % Correct
17 6 7 6 United States
100%
30 14 11 9 East Germany
90%
36 8 3 19 France
90%
77 34 19 24 Germany
90%
17 6 8 4 Italy
90%
27 5 7 14 Australia
85%
26 4 8 11 Canada
85%
19 5 10 6 Great Britain
85%
19 5 7 4 Spain
85%
20 0 7 13 Poland
80%
86 28 31 27 Hungary
75%
51 29 1 9 Soviet Union
70%
17 5 5 6 Czech Republic
60%
34 10 9 14 Romania
60%
30 15 10 4 Sweden
60%
20 8 11 5 Slovakia
55%
17 4 6 8 Bulgaria
45%
No matching quizzes found
Score Distribution
Percent of People with Each Score
Percentile by Number Answered
Your Score History
You have not taken this quiz